Mathematical statistics (Record no. 171220)

MARC details
000 -LEADER
fixed length control field 00380nam a2200157Ia 4500
008 - FIXED-LENGTH DATA ELEMENTS--GENERAL INFORMATION
fixed length control field 231217s9999 xx 000 0 und d
041 ## - LANGUAGE CODE
Language code of text/sound track or separate title English
082 ## - DEWEY DECIMAL CLASSIFICATION NUMBER
Classification number 519.5 FRE;3 R
100 ## - MAIN ENTRY--PERSONAL NAME
Personal name Freund, John E
245 #0 - TITLE STATEMENT
Title Mathematical statistics
250 ## - EDITION STATEMENT
Edition statement 7th ed.
260 ## - PUBLICATION, DISTRIBUTION, ETC.
Date of publication, distribution, etc. 2004
Name of publisher, distributor, etc. PHI
Place of publication, distribution, etc. New Delhi
300 ## - PHYSICAL DESCRIPTION
Extent x+614
650 ## - SUBJECT ADDED ENTRY--TOPICAL TERM
Topical term or geographic name entry element Mathematical,statistics
942 ## - ADDED ENTRY ELEMENTS (KOHA)
Koha item type Books
Holdings
Date last seen Total checkouts Full call number Accession number Cost, total (INR) price Price effective from Category Lost status Damaged status Department Withdrawn status Home library Current library Shelving location Entry date Vendor Cost, normal purchase price Grants Billnumber Billdate Currency symbol Conversion rate Discount Old discount Date last checked out
26/01/2024   519.5 FRE;3 R 26472 200.00 26/01/2024 Books     Central Library   Central Library Central Library Central Library 08/03/2004 Mega Books 250.00 MATHS 2463 02/12/2005 RS 1 50 20  
26/01/2024   519.5 FRE;5 26474 200.00 26/01/2024 Books     Central Library   Central Library Central Library Central Library 08/03/2004 Mega Books 250.00 MATHS 2463 02/12/2005 RS 1 50 20  
26/01/2024   519.5 FRE;6 26475 200.00 26/01/2024 Books     Central Library   Central Library Central Library Central Library 08/03/2004 Mega Books 250.00 MATHS 2463 02/12/2005 RS 1 50 20  
23/09/2025 1 519.5 FRE;7 26476 200.00 26/01/2024 Books     Central Library   Central Library Central Library Central Library 08/03/2004 Mega Books 250.00 MATHS 2463 02/12/2005 RS 1 50 20 08/09/2025
23/09/2024 1 519.5 FRE;4 R1 26473 200.00 26/01/2024 Books     Central Library   Central Library RFID Kiosk Central Library 08/03/2004 Mega Books 250.00 MATHS 2463 02/12/2005 RS 1 50 20 04/09/2024

© For any Suggestions or Query, please contact the library staff @ librarian@pes.edu or Phone: +9180 2672 1983/ 2108.